| 000 | 01342nam a22003137a 4500 | ||
|---|---|---|---|
| 001 | BR0404393 | ||
| 003 | BR-BrBNA | ||
| 005 | 20230928101719.0 | ||
| 007 | ta | ||
| 008 | 230509b bl.||||| |||| 00| 0 por d | ||
| 040 |
_aBR-BrBNA _bpor _cBiblioteca Nacional de Agricultura |
||
| 041 | _a(Por) | ||
| 072 | _aC10; T01; D50 | ||
| 090 | _ C10 BR0404393 | ||
| 100 | 1 | _aBaptista, G.C. de | |
| 110 | 1 |
_aAssociação Brasileira de Educação Agrícola Superior, Brasília, DF (Brasil) _9275 |
|
| 245 | 1 |
_aCurso de proteção de plantas: módulo 8 - toxicologia, meio ambiente e legislação; 8.1 - toxicologia e impacto ambiental de produtos fitossanitários; 8.1.1 - noções de anatomia e fisiologia do sistema nervoso; 8.1.2 - inseticidas organofosforados; 8.1.3 - inseticidas carbamatos; 8.1.4 - piretrinas e piretróides; 8.1.5 - novos (outros)grupos de inseticidas; 8.1.6 - comportamento de produtos fitossanitários no meio ambiente _bCurso de Especialização por Tutoria à Distância |
|
| 260 | 3 |
_aBrasília, DF (Brasil): _c2001. |
|
| 300 | _a172 p. | ||
| 500 | _a25 ref.; editado tambem em 2000 e 2002 | ||
| 650 | _aCURSO | ||
| 650 | _aMEIO AMBIENTE | ||
| 650 | _aPOLUIÇÃO AMBIENTAL | ||
| 650 | _aAGROTÓXICO | ||
| 650 | _aDEFENSIVO | ||
| 650 | _aLEGISLAÇÃO | ||
| 909 |
_a202309 _bLucia _c55 _dLucia Elande |
||
| 942 | _cBK | ||
| 999 |
_c67212 _d67212 |
||